Catalog

Record Details

Catalog Search



The Method and Message of Jesus Teachings  Cover Image Book Book

The Method and Message of Jesus Teachings / Robert H. Stein

Stein, Robert H. (Author).

Record details

  • ISBN: 0-664-25513-2
  • Physical Description: 203 p.
  • Edition: Revised edition
  • Publisher: London Westminster John Knox Press 1994

Available copies

  • 1 of 1 copy available at Common Catalog SPOK.

Holds

  • 0 current holds with 1 total copy.
Show All Copies
Location Call Number / Copy Notes Barcode Shelving Location Status Due Date
ETS Library 232.954 424470010464 Volný výběr Available -

LDR 00700nam a2 00253
00133947
003CZ-PrJAB
00520051221000000.0
008051221s1994 xxk e |||| |eng
009gb
020 . ‡a0-664-25513-2
035 . ‡a(CONS)5772
035 . ‡aKPS12258
040 . ‡aABG450
041 . ‡aeng
08214. ‡a232.954
100 . ‡71360 ‡aStein, Robert H.
245 . ‡aThe Method and Message of Jesus Teachings / ‡cRobert H. Stein
250 . ‡aRevised edition
260 . ‡aLondon ‡bWestminster John Knox Press ‡c1994
300 . ‡a203 p.
653 . ‡aThe Method and Message of Jesus Teachings
8524 . ‡bETS ‡bETS ‡cVolný výběr ‡j232.954 ‡gA ‡p424470010464
910 . ‡aABG450
999 . ‡a5772 ‡bAUTOGEN ‡c5772 ‡tbiblio
905 . ‡uadmin
901 . ‡a33947 ‡b ‡c33947 ‡tbiblio ‡sets

Additional Resources